Normal view
MARC view
Entry Personal Name
001 - CONTROL NUMBER
- control field: 3508
003 - CONTROL NUMBER IDENTIFIER
- control field: dpl
005 - DATE AND TIME OF LATEST TRANSACTION
- control field: 20100731150848.0
008 - FIXED-LENGTH DATA ELEMENTS
- fixed length control field: 100731|||a|||||| | ||| d
040 ## - CATALOGING SOURCE
- Original cataloging agency: dpl
- Transcribing agency: dpl
100 ## - HEADING--PERSONAL NAME
- Personal name: Aggarwal, S.S.
670 ## - SOURCE DATA FOUND
- Source citation: Work cat.: (dpl)38320: Aggarwal, S.S., Applied english grammar and composition /, 2008
670 ## - SOURCE DATA FOUND
- Source citation: Work cat.: (dpl)38320: Aggarwal, S.S., Applied english grammar and composition /, 2008
